Ultimate KOTLC Quiz - Statistics

General Stats
  • This quiz has been taken 181 times
  • The average score is 80 of 377
Answer Stats
All answers % Correct
Sophie Foster
95%
Fitz Vacker
92%
Keefe Sencen
89%
Biana Vacker
88%
Dex Dizznee
84%
Edaline Ruewen
73%
Grady Ruewen
72%
Linh Song
72%
Tam Song
72%
Alden Vacker
70%
Della Vacker
67%
Amy Foster
66%
Teal
65%
Oralie
64%
Ro
64%
Marella Redek
63%
Sandor
63%
Bronte
62%
Mr Forkle
61%
Bo
60%
Brown
58%
Stina Heks
58%
Wylie Endal
58%
Iggy
57%
Telepath
54%
Alina
52%
Ella
51%
Jolie Ruewen
51%
Calla
49%
Magnate Leto
49%
Emery
48%
Juline Dizznee
48%
Kesler Dizznee
48%
Brant
47%
Flori
47%
Empath
46%
Jensi Babblos
46%
Lady Gisela
46%
Silveny
46%
Zarina
46%
Sir Astin
45%
Elf
44%
Fintan
44%
Gnome
44%
Grizel
44%
Prentice Endal
43%
Alvar Vacker
42%
Granite
42%
Havenfield
42%
Hydrokinetic
42%
Ice Blue
42%
Lord Cassius
42%
Ogre
42%
Terik
42%
Gray
41%
King Dimitar
40%
Pyrokinetic
40%
Shade
40%
Troll
40%
Goblin
39%
Blur
38%
Inflictor
38%
Natalie Freeman
38%
Vanisher
38%
Clarette
37%
Maruca Chebota
37%
Polyglot
37%
Enhancer
36%
Flasher
36%
Foster
36%
Cyrah Endal
35%
Darek
35%
Dwarf
35%
Noland
35%
PE
35%
Technopath
35%
Teleporter
35%
Wraith
35%
Elementine
34%
Silver
34%
Woltzer
34%
Bex Dizznee
33%
Liora
33%
Atlantis
32%
Council
32%
Kate Freeman
32%
Lex Dizznee
32%
Luna
32%
Rex Dizznee
32%
Squall
32%
Timkin Heks
32%
Everglen
31%
Mesmer
31%
Phaser
31%
Tarina
31%
William Foster
31%
Candleshade
30%
Conjurer
30%
Emma Foster
30%
Greyfell
30%
Velia
30%
Froster
29%
Glimmer
29%
Ramira
29%
Unicorn
29%
Gold
28%
Lady Cadence
28%
Lodestar
28%
Mai Song
28%
Verdi
28%
Beguiler
27%
Charger
27%
Connor Freeman
27%
Guster
27%
Mrs Stinkbottom
27%
Queen Nubiti
27%
Umber
27%
Vika Heks
27%
Wynn
27%
Fallon
26%
Lord Hunkyhair
26%
Lovise
26%
Quan Song
26%
Telekinesis
26%
Alchemy
25%
Alluveterre
25%
Mr Snuggles
25%
Ruy Ignis
25%
San Diego
25%
Yeti
25%
Dire Wolf
24%
Mastodon
23%
Nightfall
23%
Periwinkle
23%
Green
22%
Psionipath
22%
Twig
22%
Elwin Heslege
21%
Levitation
21%
Mysterious Miss F
21%
Descryer
20%
Dragon
20%
Eternalia
20%
Rimeshire
20%
Stone
20%
Trix
20%
Caprise Redek
19%
Foxfire
19%
Gremlin
19%
Kelpie
19%
King Enki
19%
Lady Galvin
19%
Lur
19%
Luzia Vacker
19%
Turquoise
19%
Vociferator
19%
Wonderboy
19%
Ability Detecting
18%
Choralmere
18%
Elvin History
18%
Livvy Sonden
18%
Mitya
18%
Mysterium
18%
Ravagog
18%
Shores of Solace
18%
Sky blue
18%
Brielle
17%
Bronze
17%
Gildie
17%
Lady Sassyfur
17%
Marty
17%
Orem Vacker
17%
Physic
17%
Quinlin Sonden
17%
Universe
17%
Bangs Boy
16%
Cadoc
16%
Dark Blue
16%
Elementalism
16%
Fluttermont
16%
Lumenaria
16%
Night Vision
16%
Rayni Aria
16%
Stinky
16%
Durand Redek
15%
Lady Alexine
15%
Linguistics
15%
Solreef
15%
Candesia
14%
Copper
14%
Mr Sweeney
14%
Sir Bubu
14%
Sir Caton
14%
Sir Conley
14%
Barth the Reaper
13%
Coiffe
13%
Halcyon
13%
Lady Zillah
13%
Queen Hylda
13%
Valin
13%
Agriculture
12%
Blink
12%
Bun Bun
12%
Cobalt
12%
Iron
12%
Lady Anwen
12%
Lady Belva
12%
Lady Dara
12%
Lady Delmira
12%
Lady Fos-Boss
12%
Lady Iskra
12%
Lady Nissa
12%
Marquiseire
12%
Pale Blue
12%
Sapphire
12%
Sior
12%
Sir Beckett
12%
Sir Donwell
12%
Sir Harding
12%
Sterling Gables
12%
Tiergan Alenefar
12%
Tinker
12%
Watson
12%
Amisi
11%
Cadfael
11%
Exillium
11%
Fernan Babblos
11%
Gethen Ondsinn
11%
Gildingham
11%
Kraken
11%
Lady Evera
11%
Lady Sanja
11%
Lucilliant
11%
Metaphysics
11%
Navy Blue
11%
Princess Purryfins
11%
Silver blue
11%
Sir Rosings
11%
Soybean
11%
Splendor Plains
11%
Azure
10%
Breath Control
10%
Brumevale
10%
Coach Bora
10%
Coach Rohana
10%
Dempsey
10%
Empress Pernille
10%
Ethan Benedict Wright
10%
Flareadon
10%
Indigo
10%
Lady Veda
10%
Lesedi Chebota
10%
Midnight Blue
10%
Norene Vacker
10%
Phosforien
10%
Riverdrift
10%
Sir Faxon
10%
Body Temperature Regulation
9%
Bullhorn
9%
Coach Wilda
9%
Girl of Many Floods
9%
Harlin Vacker
9%
Marintrylla
9%
Sanctuary
9%
Silla Heks
9%
Sir Jarvin
9%
Vespera Folend
9%
Yegor
9%
Audric
8%
Benesh Vacker
8%
Channeling
8%
Damel Kafuta
8%
Gigantor
8%
Jurek
8%
Krikor
8%
Kun
8%
Loamnore
8%
Ollie Heks
8%
Wyvern
8%
Blinking
7%
Brier
7%
Bright Blue
7%
Dedra
7%
Elysian
7%
Exile
7%
Gerda
7%
Gora
7%
Harry
7%
Huxley
7%
Irja
7%
Lady Ceah
7%
Lost Cities
7%
Nesrin
7%
Neverseen eye
7%
Pelipa Heks
7%
Queen Gundula
7%
Tomple
7%
Boo Boo
6%
Brainwave
6%
Ceri
6%
Clear Blue
6%
Drooly Boys
6%
Eleanor Wright
6%
Esha Aria
6%
Garwin Chang
6%
Juji
6%
Kloris
6%
Mistmead
6%
Multispeciesial Studies
6%
Piercing Blue
6%
Princess Prettypants
6%
Shayda Adel
6%
Tanzanite Blue
6%
True Blue
6%
Vered
6%
Violet Blue
6%
Wanderling Woods
6%
Widgetmoor
6%
Behnam Aria
5%
Bethany Lopez
5%
Boobrie Dude
5%
Brackendale
5%
Brisa
5%
Dawnheath
5%
Deck
5%
Emo
5%
Ermete
5%
Gray Blue
5%
Hunger Suppression
5%
Lady Pemberley
5%
Lord Funkyhair
5%
Sir Splashyhugs
5%
Trella
5%
Wildwood
5%
Blondie
4%
Bosk Gorge
4%
Captain Cognate
4%
Forklenator
4%
Freakazoid
4%
Keefster
4%
Kenric Fathdom
4%
King Gowg
4%
Lady Fayina
4%
Merrowmarsh
4%
Serenvale
4%
Sign of the swan
4%
Special Sophieflake
4%
Thales the Sower
4%
That Boy
4%
Ability Training
3%
Enigma
3%
Gears
3%
High Seas Facility
3%
Human Girl
3%
Moonglade
3%
Superfreak
3%
Watchward Heath
3%
Fitzter
2%
Girl Who Was Taken
2%
Hushwood
2%
Inktide Island
2%
Pallidrose
2%
Sabre-Tooth Tiger
2%
Siren Rock
2%
Starkrial Valley
2%
Valkonian
2%
Crooked Forest
1%
Curvebuster
1%
Dorktionary
1%
Droolmonster
1%
Gloaming Valley
1%
Prism Peaks
1%
Strixian Planes
1%
Superdork
1%
Queen of Mystery
0%
Spateswale River
0%
No matching quizzes found
Score Distribution
Percent of People with Each Score
Percentile by Number Answered
Your Score History
You have not taken this quiz